000
00278nam a2200121Ia 4500
008
191201s2019 xx 000 0 und d
100
_a
Made Easy
245
0
_a
Gate 2020 Computer Science and IT
260
_b
Made Easy
_c
2019
300
_a
704
650
_a
MCA
942
_2
ddc
_c
BK
999
_c
6853
_d
6853